| 000 | 00664nam a22001937a 4500 | ||
|---|---|---|---|
| 003 | OSt | ||
| 005 | 20231101180100.0 | ||
| 008 | 221006b |||||||| |||| 00| 0 eng d | ||
| 040 | _cBiblioteca Lado V | ||
| 082 |
_a763 _bG154s |
||
| 110 |
_91201 _aGalería de Arte Diners |
||
| 245 |
_aSobre el paisaje Urbano/ _bLa doce monotipos y tipografías/ |
||
| 260 |
_c1988 _aMexico _bGalería de arte Diners |
||
| 300 |
_c19.5 x 23 cm _a24p. |
||
| 650 |
_2Tesauro de Arte & Arquitectura _aARTE |
||
| 650 |
_2Tesauro de Arte & Arquitectura _aMONOTIPOS _9703 |
||
| 650 |
_2Tesauro de Arte & Arquitectura _aLITOGRAFIAS |
||
| 942 |
_2ddc _c1 _h763 _iG154s _n0 |
||
| 999 |
_c4549 _d4549 |
||